000 01439nam0a2200325 4500
001 RU\NLR\bibl\1240241
005 20260405172233.0
010 _a978-5-7992-0437-2
_9500
021 _aRU
_b2008-30766
_91701
035 _a(NLR Aleph) 001226435
090 _a170957
_c170957
100 _a20080611d2007 |||y0rusy50 ca
101 0 _arus
102 _aRU
105 _aa |||||||||
200 1 _aПрощай, Баку
_hкн. 1
_aСобрание знаменитостей армянского происхождения с фамилиями, не оканчивающимися на "ян"
_hкн. 2
_fСамвел-Апа
210 _aМайкоп
_cАдыгея
_d2007
215 _a454, [1] с.
_cил.
_d21
300 _aНа 4-й с. обл. авт.: Самвел-Апа (Григорян Самвел Семенович)
606 1 _aАрмяне
_yБаку, город (Азербайджан)
_92545581
_3RU\NLR\auth\661506694
607 _aАрмения
_xИстория
_xДеятели
_92545583
_3RU\NLR\auth\661506695
686 _aТ3(5Аз9=Ар)
686 _aТ3(5Ар)0-8
700 1 _4070
_8rus
_7ca
_aГригорян
_bС. С.
_f1933-2015
_gСамвел Семенович
_3RU\NLR\AUTH\7773769
_956697
801 0 _aRU
_bNLR
_c20080611
_gRCR
801 1 _aRU
_bNLR
_c20080611
942 _cBOOK
980 _aNB